000 00718nam a22001937a 4500
005 20260301144834.0
010 _aBACEN26
020 _a9788198431165
_c695.00
037 _bOakBridge
082 _a378.0076
100 _aKaur, Harpreet
_987946
245 _aMaster Guide to N T A, U G C /Net/Set/Jrf/Phd:
_bPaper-I Teaching & Research Aptitude/
_cby Harpreet Kaur
250 _a6th ed.
260 _aHaryana
_bOakBridge
_c2019
270 _aM 35, 1st Floor, Old DLF, Gurugram,
_bHaryana
_e122001
_minfo@oakbridge.in
300 _aVp.
_c27cm(pbk)
505 _a
942 _2ddc
_cEN
_h378.0076
_mKAU
999 _c215080
_d215080